|
|
|
|
| LEADER |
00000cam a2200000 7i4500 |
| 001 |
0000000973 |
| 005 |
20240919.0 |
| 008 |
991125 my eng |
| 040 |
|
|
|a INS
|b eng
|e rda
|
| 090 |
0 |
0 |
|a HJ2343.M3
|b S83 1988
|
| 100 |
0 |
|
|a Arjunan Subramaniam ,
|e author
|
| 245 |
1 |
0 |
|a Principles of double taxation (relief) agreements
|c Arjunan Subramaniam
|
| 264 |
|
1 |
|a Petaling Jaya :
|b Pencetak Weng Fatt Sdn Bhd
|c 1988
|
| 300 |
|
|
|a x, 319 pages ;
|c 22 cm.
|
| 336 |
|
|
|a text
|2 rdacontent
|
| 337 |
|
|
|a unmediated
|2 rdamedia
|
| 338 |
|
|
|a volume
|2 rdacarrier
|
| 650 |
|
0 |
|a Taxation
|x Law
|
| 999 |
|
|
|a 0000003232
|b BOOK
|c Open Shelf
|e Default branch
|